000 00608nam a2200229Ia 4500
003 OSt
005 20221005124355.0
006 a|||||r|||| 00| 0
007 ta
008 221004b |||||||| |||| 00| 0 tam d
024 _a45616
037 _cTextual
040 _aCRL
_cCRL
_btam
041 _2tam
_atam
082 _a222v3124,I21, 31K2
100 _aThirumalai Muttuswamy Au.
_9635112
245 0 _aMudal Pothu nulaga iyakkam
260 _c1962
300 _a56p.
_ccm.
942 _h222v3124,I21, 31K2
_cTEXL
_2cc
999 _c1050273
_d1050273